000
00281as aa2200097a 44500
090
_a
SERIADAS
_b
01072
245
1
0
_a
Carta ambiental
260
_b
Corporación Autónoma Regional de las Cuencas de los Ríos Bogotá, Ubaté, y Suárez
_a
Colombia
041
0
_a
Español
942
_c
REVISTA
999
_c
16794
_d
16794